000 01057nam a2200337 a 4500
001 000109828
003 CHAP
005 20220329144105.0
008 140530s2013 mx |rm |0|||||spa d
010 _a106290
011 _a107262
040 _cCHAP
090 _aTesis
100 0 0 _aHoyo Arana, José Félix.
_956527
245 1 0 _aDialéctica, estado, derecho, libertad y emancipación. G. W. F. Hegel, Karl Marx y los marxismos /
_cpor Emiliano José Félix Hoyo Arana.
260 _aMéxico, D.F. :
_bEl autor,
_c2013.
300 _avi, 426 h.
502 _aTesis (Ph. D. en Filosofía política) -- UNAM. Facultad de Filosofía y Letras
590 _aE6096MTM
_b05
_c20140530
_lUCH01
_h1455
650 1 4 _aAutoridad
_98428
650 1 4 _aDerecho
_931861
650 1 4 _aDialéctica.
_932407
650 1 4 _aEstado, El.
_938240
650 1 4 _aHegel, George Wilhelm Friedrich.
_953318
650 1 4 _aLibertad.
_966625
650 1 4 _aMarx, Karl
_y1818-1883.
_972727
650 1 4 _aMarxismo.
_972728
901 _aBK
942 _cTESIS
942 _n0
999 _c106290
_d106290